Economía del trabajo (Registro nro. 3949)
[ vista simple ]
| 000 -LEADER | |
|---|---|
| fixed length control field | 01719 a2200241 4500 |
| 001 - CONTROL NUMBER | |
| control field | 45516 |
| 005 - DATE AND TIME OF LATEST TRANSACTION | |
| control field | 20260407155727.0 |
| 008 - FIXED-LENGTH DATA ELEMENTS--GENERAL INFORMATION | |
| fixed length control field | 260407a1964 arg spa d |
| 003 - CONTROL NUMBER IDENTIFIER | |
| control field | AR-UNSa-BCEJYS |
| 040 ## - CATALOGING SOURCE | |
| Original cataloging agency | AR-UNSa-BCEJYS |
| Language of cataloging | spa |
| Transcribing agency | AR-UNSa-BCEJYS |
| 080 ## - UNIVERSAL DECIMAL CLASSIFICATION NUMBER | |
| Universal Decimal Classification number | 331.101.26 |
| Common auxiliary subdivision | Economía del trabajo |
| 041 ## - LANGUAGE CODE | |
| Language code of text/sound track or separate title | spa |
| 100 1# - MAIN ENTRY--PERSONAL NAME | |
| Personal name | Sellier, François |
| 245 10 - TITLE STATEMENT | |
| Title | Economía del trabajo |
| 264 #1 - PRODUCTION, PUBLICATION, DISTRIBUTION, MANUFACTURE, AND COPYRIGHT NOTICE | |
| Place of production, publication, distribution, manufacture | Barcelona : |
| Name of producer, publisher, distributor, manufacturer | Ariel |
| Date of production, publication, distribution, manufacture, or copyright notice | 1964 |
| 300 ## - PHYSICAL DESCRIPTION | |
| Extent | 527 p. |
| Dimensions | 23 cm. |
| 505 ## - FORMATTED CONTENTS NOTE | |
| Formatted contents note | Parte I : Condiciones del empleo y rentas del trabajo : Título I : Las condiciones del empleo : 1. Población activa y oferta de trabajo – 2. Demanda de trabajo, oferta de empleos, capacidad de ocupación – 3. El equilibrio de la ocupación y la adaptación de la oferta a la demanda de trabajo - - Título II : Las rentas del trabajo : 4. Los distintos aspectos de la renta salarial – 5. La estructura de los salarios – 6. Evolución de los salarios - - Parte II : La indeterminación de las rentas del trabajo : Título I : Las partes : 7. Los obreros y sus sindicatos – 8. Empleadores y asociaciones patronales – 9. Grupos especiales – 10. Los poderes públicos y sus posibilidades de intervención - - Título II : Acción de las partes : 11. La lucha – 12. Acción política y económica de los sindicatos y de los empresarios para la determinación de las rentas de trabajo – 13. La negociación colectiva – 14. La eficacia de la acción de los sindicatos sobre las rentas del trabajo. |
| 590 ## - LOCAL NOTE (RLIN) | |
| Local note | niveau_biblio:m niveau_hierar:0 |
| 700 1# - ADDED ENTRY--PERSONAL NAME | |
| Personal name | Tiano, André |
| 700 1# - ADDED ENTRY--PERSONAL NAME | |
| Personal name | Sanuy, Francisco |
| 856 41 - ELECTRONIC LOCATION AND ACCESS | |
| Uniform Resource Identifier | <a href="https://www.biblioeco.unsa.edu.ar/pmb/images/libros/L127129.jpg">https://www.biblioeco.unsa.edu.ar/pmb/images/libros/L127129.jpg</a> |
| Link text | Imagen de portada |
| Electronic format type | image/jpeg |
| 942 ## - ADDED ENTRY ELEMENTS (KOHA) | |
| Koha item type | |
| Withdrawn status | Lost status | Damaged status | Not for loan | Home library | Current library | Shelving location | Date acquired | Total checkouts | Full call number | Barcode | Date last seen | Price effective from | Koha item type |
|---|---|---|---|---|---|---|---|---|---|---|---|---|---|
| Biblioteca Prof. Eusebio Cleto del Rey | Biblioteca Prof. Eusebio Cleto del Rey | 07/04/2026 | 331.101.26 S467 | L127129 | 07/04/2026 | 07/04/2026 | Libro | ||||||
| Biblioteca Prof. Eusebio Cleto del Rey | Biblioteca Prof. Eusebio Cleto del Rey | 07/04/2026 | 331.101.26 S467 | L23885 | 07/04/2026 | 07/04/2026 | Libro |